Zhodnotenie výrobných a ekonomických výsledkov vo vybraných chovoch kôz
Nízka produktívnosť kôz na Slovensku. Potreba zvýšenia využitia produkčného potenciálu kôz. Dotácie na chov kôz.
Gespeichert in:
| 1. Verfasser: | |
|---|---|
| Format: | Buchkapitel |
| Sprache: | Slowakisch |
| Schlagworte: | |
| Tags: |
Keine Tags, Fügen Sie das erste Tag hinzu!
|
MARC
| LEADER | 00000naa a2200000 4500 | ||
|---|---|---|---|
| 001 | r048104 | ||
| 005 | 20231004074348.1 | ||
| 041 | 0 | |a slo | |
| 044 | |a SK | ||
| 245 | 1 | 0 | |a Zhodnotenie výrobných a ekonomických výsledkov vo vybraných chovoch kôz |c Rudolf Vláčil |
| 520 | |a Nízka produktívnosť kôz na Slovensku. Potreba zvýšenia využitia produkčného potenciálu kôz. Dotácie na chov kôz. | ||
| 610 | 2 | 0 | |a chov zvierat |
| 610 | 2 | 0 | |a náklady |
| 610 | 2 | 0 | |a výnosy |
| 610 | 2 | 0 | |a výsledok hospodársky |
| 610 | 2 | 0 | |a Slovensko |
| 100 | 1 | |a Vláčil, Rudolf | |